000 00999nam a22002897a 4500
001 03765
003 HDC
007 cr bn ---aaaaa
008 210111t1998 nyu||||| |||| 00| 0 eng
020 _a0-203-22306-3
040 _aHDC
100 _aAltman, Arie
_eauthor
_93518
245 0 _aAgricultural Biotechnology. Chapter 2 :
_bMicropropagation: Clonal Plant Propagation In Vitro / by
_cArie Altman and Beth Loberant
260 _aNew York :
_bMARCEL DEKKER,
_c1998
300 _a24 pages
336 _atext
_2rdacontent
337 _acomputer
_2rdamedia
338 _aonline resource
_2rdacarrier
650 _aAgricultural Biotechnology
_91565
650 _aClonal Plant
_93535
650 _aVitro Propagation
_93536
700 _aLoberant, Beth
_93537
856 _zRequest full-text at [email protected]
942 _2lcc
942 _cCHAP
942 _kEBCH 001687
999 _c1101
_d1101